000 01677cam a2200241 a 4500
003 OSt
005 20210131171142.0
008 051004s2004 ck r 000 0 spa d
020 _a9589737234
040 _aCO-JMCR
_cCO-JMCR
041 0 _aspa
082 0 4 _a320.947 /
_bA719m
_221
100 1 _aArizala, José,
_eautor
_912915
245 1 3 _aEl mundo del hombre :
_ben los años de la perestroika /
_cJosé Arizala
260 _aBogotá :
_bUniversidad Autónoma de Colombia,
_c2004
300 _a286 páginas ;
_c21 cm.
505 _aApertura democrática en América latina éxitos, problemas, perspectivas -- La Unión Patriotica -- Colombia: un nuevo escenario de la "guerra sucia" -- Sometido a las más dura y sangrienta prueba -- Alternatica democrática: imperativo de la época -- En Brasil ¿un nuevo camino de la izquierda latinoamericana? -- Por un partido renovado Diego Montaña, un ave de tormenta -- Tercero en discordia -- El camino de Lukascs hacia Marx -- Antonio Gramsci -- El 26 congreso del PC francés -- Mi vaticano -- Apuntes de un debate sobre el marxismo -- El nuevo curso del PC italiano -- ¿Por qué otra vez la sombra de Stalin? -- ¿Por qué sobrevive el capitalismo? -- Los derechos humanos son indivisibles -- La crisis en el mundo de hoy -- Causas de la crisis del socialismo -- Sobre la crisis del Marxismo -- El mundo del hombre -- Exploremos la relación Gramsci-enin -- El entierro del Lenin -- Informaciones
650 2 4 _aPaz.
_zColombia
_97399
650 2 4 _aSocialismo
_912916
651 4 _aUnión Soviética.
_xPolítica económica.
_y1986-1991
_912917
651 4 _aAmérica Latina.
_xPolítica y gobierno
_912918
942 _2ddc
_cBK
999 _c7077
_d7077